000 nam a22 7a 4500
999 _c44127
_d44127
003 OSt
005 20180503124351.0
008 180503b xxu||||| |||| 00| 0 eng d
040 _cIIMT UNIVERSITY, MEERUT
050 _a004.256BAS
_b309
082 _26TH
_a004.250BAS
_b309
100 _aBASANDARA, S K
245 _aCOMPUTERS TODAY
250 _a6TH
260 _aDELHI
_bGALGOTIA
_c2012
300 _b6TH ED.1441 P P.
760 _b6TH ED.
856 _3PAPERBACK
887 _2ACCESSION REGISTER
942 _2ddc
_c01
_e6TH
_hTITLE
_iBOOK
_k004.125BAS
_m004.125BAS